书目信息 |
| 题名: |
园林种植设计
|
|
| 作者: | 周道瑛 , 陈瑞丹 主编 | |
| 分册: | ||
| 出版信息: | 北京 中国林业出版社 2019.8 |
|
| 页数: | 208页 | |
| 开本: | 21cm | |
| 丛书名: | ||
| 单 册: | ||
| 中图分类: | TU986.2 | |
| 科图分类: | ||
| 主题词: | 园林植物--景观设计--高等学校--教材 | |
| 电子资源: | ||
| ISBN: | 978-7-5219-0171-9 | |
| 000 | 00912nam0 2200241 450 | |
| 001 | 2047633537 | |
| 005 | 20201107131401.96 | |
| 010 | @a978-7-5219-0171-9@dCNY39.00 | |
| 100 | @a20200517d2019 em y0chiy0110 ea | |
| 101 | 0 | @achi |
| 102 | @aCN@b110000 | |
| 105 | @af z 000zy | |
| 200 | 1 | @a园林种植设计@9Yuan Lin Zhong Zhi She Ji@f周道瑛,陈瑞丹主编 |
| 205 | @a2版 | |
| 210 | @a北京@c中国林业出版社@d2019.8 | |
| 215 | @a208页@d21cm | |
| 330 | @a本教材在第1版的基础上进行修订,加入了近年国内外最新研究与应用技术成果。主要内容包括绪论,园林种植设计的基本原则,园林种植设计的植物选择,园林种植设计的基本形式,园林种植设计的一般技法,其他造园要素的植物种植,园林种植设计程序等。 | |
| 606 | 0 | @a园林植物@x景观设计@x高等学校@j教材 |
| 690 | 0 | @aTU986.2@v5 |
| 701 | 0 | @a周道瑛@9Zhou Dao Zuo@4主编 |
| 701 | 0 | @a陈瑞丹@9Chen Rui Dan@4主编 |
| 801 | 0 | @aCN@b(网众)采访数据@c20201010 |
| 905 | @aZUCC@dTU986.2@eZ758 | |
| 园林种植设计/周道瑛,陈瑞丹主编.-2版.-北京:中国林业出版社,2019.8 |
| 208页;21cm |
| ISBN 978-7-5219-0171-9:CNY39.00 |
| 本教材在第1版的基础上进行修订,加入了近年国内外最新研究与应用技术成果。主要内容包括绪论,园林种植设计的基本原则,园林种植设计的植物选择,园林种植设计的基本形式,园林种植设计的一般技法,其他造园要素的植物种植,园林种植设计程序等。 |
| ● |
| 相关链接 |
|
|
|
正题名:园林种植设计
索取号:TU986.2/Z758
 
预约/预借
| 序号 | 登录号 | 条形码 | 馆藏地/架位号 | 状态 | 备注 |
| 1 | 1485469 | 214854692 | 建筑库201/201建筑库 111排2列4层/ [索取号:TU986.2/Z758] | 在馆 | |
| 2 | 1485470 | 214854709 | 建筑库201/201建筑库 111排2列4层/ [索取号:TU986.2/Z758] | 在馆 |